|
|
|
|
| LEADER |
00000nam a2200000 a 4500 |
| 001 |
UCQ7050 |
| 003 |
CL-VaPUC |
| 008 |
981031e19960000CL |||||||||||||||||spa|d |
| 082 |
0 |
4 |
|a 634
|b ODE
|2 21
|
| 110 |
2 |
|
|a ODEPA
|e author
|9 420944
|
| 245 |
1 |
0 |
|a Mercados fruticolas 1996
|
| 300 |
|
|
|a 256 p
|
| 942 |
|
|
|c BK
|
| 945 |
|
|
|d 19981031 00:00:00
|a rbrito
|
| 260 |
|
|
|a Santiago
|b Odepa
|c 1996
|
| 650 |
|
0 |
|a Frutas
|9 259500
|
| 650 |
|
0 |
|a Mercado
|9 321497
|
| 650 |
|
0 |
|a Fruticultura
|9 259678
|
| 650 |
|
0 |
|a Comercio exterior
|9 257617
|
| 650 |
|
7 |
|a EXPORTACIONES
|2 CL-VaPUC
|9 255382
|
| 651 |
|
7 |
|a CHILE
|2 CL-VaPUC
|9 420945
|
| 583 |
|
|
|a last modification
|c 19981031 00:00:00
|k Rodrigo Vera
|
| 999 |
|
|
|c 276880
|d 276878
|